| 000 | 00378nam a2200157Ia 4500 | ||
|---|---|---|---|
| 008 | 230917s9999||||xx |||||||||||||| ||und|| | ||
| 020 | _cRS60 | ||
| 040 |
_e18124 _aMAIN |
||
| 041 | _aEnglish | ||
| 082 | _a332.6 C449R | ||
| 100 | _aChitale, V P | ||
| 245 | 0 | _aRisk capital for industry | |
| 260 |
_aNew Delhi _bAllied Publishers _c1983 |
||
| 300 | _aviii,128 p. | ||
| 942 | _cBK | ||
| 999 |
_c41737 _d41737 |
||